Zur Erklärung der Beta-Anomalie mit Lotterie-artigen Aktien diplomová práca

Salvato in:
Dettagli Bibliografici
Autore principale: Vogel, Konstantin
Ente Autore: Fakulta hospodárskej informatiky EU. Katedra operačného výskumu a ekonometrie
Altri autori: Laitenberger, Jorg
Natura: Libro
Lingua:tedesco
Pubblicazione: Bratislava 2019
Tags: Aggiungi Tag
Nessun Tag, puoi essere il primo ad aggiungerne!!

MARC

LEADER 00000nbm a2200000 4500
001 0272629
005 20230322110923.7
041 0 |a ger 
044 |a SK 
245 1 0 |a Zur Erklärung der Beta-Anomalie mit Lotterie-artigen Aktien  |b diplomová práca  |c Konstantin Vogel ; školiteľ: Jörg Laitenberger 
264 1 |a Bratislava  |c 2019 
300 |a 39 s. 
100 1 |a Vogel, Konstantin 
700 1 |a Laitenberger, Jorg 
710 2 |a Fakulta hospodárskej informatiky EU. Katedra operačného výskumu a ekonometrie